Les meilleurs milieux défensifs de football du monde - Statistiques

Statistiques générales
  • Ce quiz a été pris 97 fois
  • Le résultat moyen est 11 sur 25
Statistiques - réponses
Rang Championnat Nationalité Réponse % Correct
1 Premier League Espagne Rodri
99%
3 Liga France Aurélien Tchouaméni
84%
4 Bundesliga Allemagne Joshua Kimmich
75%
9 Ligue 1 Portugal Vitinha
74%
2 Premier League Angleterre Declan Rice
72%
11 Ligue 1 Portugal João Neves
67%
22 Saudi Pro League France N’Golo Kanté
66%
12 Premier League Équateur Moisés Caicedo
58%
6 Bundesliga Suisse Granit Xhaka
56%
21 Premier League Brésil Casemiro
49%
5 Premier League Brésil Bruno Guimarães
46%
15 Premier League Ghana Thomas Partey
44%
8 Serie A Turquie Hakan Çalhanoğlu
40%
25 Premier League Uruguay Manuel Ugarte
40%
18 Premier League Pays-Bas Ryan Gravenberch
38%
14 Premier League Belgique Amadou Onana
35%
24 Bundesliga Autriche Konrad Laimer
29%
7 Bundesliga Portugal João Palhinha
27%
16 Serie A France Youssouf Fofana
24%
19 Bundesliga Allemagne Aleksandar Pavlovic
15%
20 Premier League France Boubacar Kamara
15%
17 Bundesliga Allemagne Robert Andrich
15%
10 Liga Espagne Martin Zubimendi
9%
23 Liga Portugal Danemark Morten Hjulmand
7%
13 Premier League Côte d’Ivoire Yves Bissouma
7%
Aucun quiz correspondant
Distribution des résultats
% des personnes avec chaque résultat
Percentile par nombre de réponses
Votre historique - résultats
Vous n’avez pas pris ce quiz